[Event "EU-ch U10"]
[Site "Prague"]
[Date "2024.08.26"]
[Round "5"]
[White "Zhang, Junyi"]
[Black "Aghajanov, Eldar"]
[Result "1-0"]
[WhiteElo "1936"]
[BlackElo "1667"]
[PlyCount "63"]
[EventDate "2024.08.22"]
[EventType "swiss"]
[EventRounds "9"]
[EventCountry "CZE"]
[SourceTitle "CBM 221 Extra"]
[Source "ChessBase"]
[SourceDate "2024.09.30"]
[SourceVersion "1"]
[SourceVersionDate "2024.09.30"]
[SourceQuality "1"]

1. e4 e5 2. Nf3 Nc6 3. Bc4 Bc5 4. c3 Nf6 5. d4 exd4 6. e5 d5 7. Bb5 Ne4 8. cxd4 Bb4+ 9. Bd2 Nxd2 10. Nbxd2 Bd7 11. 0-0 0-0 12. a3 Bxd2 13. Bxc6 bxc6 14. Qxd2 Rb8 15. Rfc1 Rb6 16. Rc3 Qe7 17. b4 Rfb8 18. Rac1 Ra6 19. Ne1 Rab6 20. Nd3 Rb5 21. Nc5 R8b6 22. Nb3 Ra6 23. Na5 h6 24. Nxc6 Bxc6 25. Rxc6 Rxa3 26. Rxc7 Qxb4 27. Qf4 Qf8 28. Rc8 Rb8 29. Rxf8+ Rxf8 30. g3 a5 31. Qg4 a4 32. Rc8 1-0